000 00817nam a2200253Ia 4500
003 OSt
005 20220918163558.0
006 a|||||r|||| 00| 0
007 ta
008 220917b |||||||| |||| 00| 0 eng d
020 _a019 566352 7 (hbk)
_c495
024 _a233,454
037 _b427, 19/03/2008, Swaraj Prakashan
_cTextual
040 _aARTS
_cARTS
_beng
041 _2eng
_aeng
082 _aNW, P3(TTN)
100 _aGopalan Lalitha
_913977
245 0 _aCinema of interruptions
_b Action generes in contemporary Indian cinema
260 _aNew Delhi
_bOxford University Press India
_c2003
300 _aviii,218p.
_ccm.
650 _aARTS; MOTION PICTURES
_913978
942 _hNW, P3(TTN)
_cTEXL
_2CC
999 _c120273
_d120273